| 000 | 01184cam a2200289 a 4500 | ||
|---|---|---|---|
| 001 | 3087261 | ||
| 003 | ARRUPE | ||
| 005 | 20131203190146.0 | ||
| 008 | 980209s1998 mnu b 001 0 eng | ||
| 010 | _a 98013327 | ||
| 020 | _a0814658784 (pbk. : alk. paper) | ||
| 040 |
_aDLC _cDLC _dDLC |
||
| 050 | 0 | 0 |
_aBX2215.2 _b.V36 1998 |
| 082 | 0 | 0 |
_a262/.001/1 _221 |
| 100 | 1 |
_aVanderWilt, Jeffrey T. _q(Jeffrey Thomas), _d1962- _95033 |
|
| 245 | 1 | 2 |
_aA church without borders : _bthe Eucharist and the church in ecumenical perspective / _cJeffrey VanderWilt. |
| 260 |
_aCollegeville, Minn. : _bLiturgical Press, _cc1998. |
||
| 300 |
_ax, 189 p. ; _c23 cm. |
||
| 500 | _a"A Michael Glazier book." | ||
| 500 | _aRevision of the author's thesis--University of Notre Dame, 1996. | ||
| 504 | _aIncludes bibliographical references and indexes. | ||
| 650 | 0 |
_aLord's Supper _xCatholic Church. _95034 |
|
| 650 | 0 |
_aLord's Supper and Christian union. _95035 |
|
| 906 |
_a7 _bcbc _corignew _d1 _eocip _f19 _gy-gencatlg |
||
| 942 |
_2lcc _cMONOGRAPH |
||
| 999 |
_c119048 _d119048 |
||